000 00621nam a2200205 i 4500
001 132903
003 ES-MaACL
005 20230906194256.0
007 t|
008 070214n19001990fr r ||||1| fre d
080 _a821.133.1-31"19"
100 1 _aRosny, J. -H.
_999792
245 1 4 _aLes Rafales
_b: roman de moeurs bourgeoises.. /
_cJ.-H. Rosny.
260 _aParis :
_bSocieté des Publications Industrielles,
_c[19__?]
300 _a246 p., [1] h. de lám. ;
_c19 cm.
490 1 _aLes maitres de la plume
830 0 _aLes maitres de la plume
_9219679
852 _aES-MaACL
_jA-3936
999 _c132903
_d132903